Of justification by faith and works : A dialogue between a Methodist and a churchman. By William Law, M.A.

Bibliographic Details
Main Author: Law, William, 1686-1761
Format: eBook
Language:English
Edition:The third edition.
Series:Eighteenth century collections online.
Online Access:Full text online

MARC

Tag First Indicator Second Indicator Subfields
LEADER 00000cam a2200000 4500
001 in00001990313
006 m | d |
007 cr |n||||||||n
008 791208s1772 enk|||| s 00| ||eng d
005 20260407223549.9
035 |a (CStRLIN)ESTCT77267 
040 |a Uk-ES  |c Uk-ES  |d CStRLIN  |d Thomson Gale  |d UtOrBLW 
100 1 |a Law, William,  |d 1686-1761. 
245 1 0 |a Of justification by faith and works :  |b A dialogue between a Methodist and a churchman. By William Law, M.A. 
250 |a The third edition. 
264 3 |a London :  |b printed for G. Robinson,  |c 1772. 
300 |a 78p. ;  |c 8⁰. 
336 |a text  |b txt  |2 rdacontent 
337 |a computer  |b c  |2 rdamedia 
338 |a online resource  |b cr  |2 rdacarrier 
500 |a Also issued as part of: 'The works of the Reverend William Law, A.M.', volume 9, London, [1780?]. 
500 |a Reproduction of original from the British Library. 
510 4 |a English Short Title Catalog,  |c ESTCT77267. 
533 |a Electronic reproduction.  |b Farmington Hills, Mich. :  |c Thomson Gale,  |d 2003.  |n Available via the World Wide Web.  |n Access limited by licensing agreements  |7 s2003 miunns 
500 |a Electronic resource. 
830 0 |a Eighteenth century collections online. 
856 4 0 |u http://proxy.library.tamu.edu/login?url=https://galenet.galegroup.com/servlet/ECCO?c=1&stp=Author&ste=11&af=BN&ae=T077267&tiPG=1&dd=0&dc=flc&docNum=CW117746611&vrsn=1.0&srchtp=a&d4=0.33&n=10&SU=0LRF&locID=txshracd2898  |z Full text online  |t 0 
999 |a MARS 
999 f f |s 79fb3208-f20c-3fd4-b4bb-73066781e0da  |i 6f042f88-e5d8-3fa5-8be6-b72cb5fa9c8d  |t 0 
952 f f |a Texas A&M University  |b College Station  |c Electronic Resources  |s www_evans  |d Available Online  |t 0  |h No information provided 
998 f f |t 0  |l Available Online